01139nam a2200193Ia 4500001000900000003001000009008004100019040002500060041001300085100001200098245005700110250001100167260009300178300001200271500026000283501011400543520026000657650002800917L060-350IT-CnALBA170116s9999||||xx |||||||||||||| ||und|| aIT-CnALBAcIT-CnALBA aITALIANO aAA. VV. 0aATTI DELLA SETTIMANA RELIGIOSO-SOCIALE DI FRASCATI.  a1a ed. aMILANO. BA. BOLOGNAbSALESIANA. SC. TIP. c1924 [1° Ed.:1924 - Ed.Ling.Originale: 1924] a156 p.  aLETTERA DEL CARD. CAGLIERO. APERTURA DELLA SETTIMANA RELIGIOSO SOCIALE. PROGRAMMA DELLA SETTIMANA. AZIONE CATTOLICA. SPIRITO INFORMATORE DELL'U.F.C.I. UNIONE FEMMINILE CATTOLICA ITALIANA. RAPPORTI TRA LA U.F.C.I. E LE ALTRE ASSOCIAZIONI. RECLUTAMENTO DIRI aSocietà San Paolo EM - Piazza San Paolo, 14 - 12051 ALBA (CN) (non commercial uses only) ® Copyright 2017 aLETTERA DEL CARD. CAGLIERO. APERTURA DELLA SETTIMANA RELIGIOSO SOCIALE. PROGRAMMA DELLA SETTIMANA. AZIONE CATTOLICA. SPIRITO INFORMATORE DELL'U.F.C.I. UNIONE FEMMINILE CATTOLICA ITALIANA. RAPPORTI TRA LA U.F.C.I. E LE ALTRE ASSOCIAZIONI. RECLUTAMENTO DIRI aORGANIZZAZIONI GENERALI